000 00434nam a2200169Ia 4500
008 221030s9999 xx 000 0 und d
020 _a8131712887
041 _aEnglish
082 _a105.23
100 _aM. Merkow
245 0 _aInformation Security Principles & Practices
_cby M. Merkow, J. Breithaupt
260 _bPearson Edcuation
_aNew Delhi
_c2007
300 _a448
650 _aIT
700 _aJ. Breithaupt
942 _cBK
999 _c9128
_d9128